Normal view MARC view
  • Steinberg, M. O

Entry Personal Name

Number of records used in: 1

001 - CONTROL NUMBER

  • control field: 82903

003 - CONTROL NUMBER IDENTIFIER

  • control field: NUST

005 - DATE AND TIME OF LATEST TRANSACTION

  • control field: 20211001112215.0

008 - FIXED-LENGTH DATA ELEMENTS

  • fixed length control field: 211001|| aca||aabn | a|a d

040 ## - CATALOGING SOURCE

  • Original cataloging agency: NUST
  • Transcribing agency: NUST

100 ## - HEADING--PERSONAL NAME

  • Personal name: Steinberg, M. O

670 ## - SOURCE DATA FOUND

  • Source citation: Work cat.: (NUST)32640: Idelʼchik, I. E. 82902, Handbook of hydraulic resistance /, c1994.
© 2023 Central Library, National University of Sciences and Technology. All Rights Reserved.